000 00553nam a2200157 i 4500
001 33688
003 ES-MaACL
007 t|
008 030203s1954 sp ||||1| spa d
100 1 _aBishop, P. M. F.
_929009
245 1 0 _aEndocrinologia ginecológica para el médico práctico /
_cpor P. M. F. Bishop ; traducción de la segunda edición inglesa por E. Orti.
260 _aMadrid :
_b[s.n.,
_c1954] (
_fDiana Artes Gráficas)
300 _aIX, 154 p., 4 lám. :
_bil. ;
_c20 cm.
700 1 _aOrti, E.
_987526
852 _aES-MaACL
_jC-8802
_bR.36404
999 _c33688
_d33688